Normal view
MARC view
- Bruckberger Raymond Leopold
Entry Personal Name
001 - CONTROL NUMBER
- control field: 41612
003 - CONTROL NUMBER IDENTIFIER
- control field: IT-RoPau
005 - DATE AND TIME OF LATEST TRANSACTION
- control field: 20151126172657.0
008 - FIXED-LENGTH DATA ELEMENTS
- fixed length control field: 151126|| aca||aabn | a|a d
040 ## - CATALOGING SOURCE
- Original cataloging agency: IT-RoPau
- Transcribing agency: IT-RoPau
100 ## - HEADING--PERSONAL NAME
- Personal name: Bruckberger Raymond Leopold
- Relator term: (soggetto)
- Miscellaneous information: Codice Soggetto 2° SPICS: 58548
670 ## - SOURCE DATA FOUND
- Source citation: Work cat.: (IT-RoPau)105473: Bresson Robert Codice regista SPICS: 8815 41608, CONVERSA DI BELFORT (LA) CONVERSA DI BELFORT (LA) (Rif. Codice opera principale : H6485)